| Tag |
First Indicator |
Second Indicator |
Subfields |
| LEADER |
00000cam a2200000 a 4500 |
| 001 |
in00000008023 |
| 005 |
20151002070119.0 |
| 008 |
871020s1987 dcua b 10000 eng d |
| 020 |
|
|
|a 0939950219 (pbk.)
|
| 035 |
|
|
|a (OCoLC)16877622
|
| 035 |
|
|
|9 AAA0376AM
|
| 040 |
|
|
|a CDF
|c CDF
|d XBM
|d TXA
|d UtOrBLW
|
| 050 |
|
4 |
|a QE371
|b .T43 1987
|
| 245 |
0 |
0 |
|a Thermodynamic modeling of geological materials :
|b minerals, fluids and melts /
|c editors: I.S.E. Carmichael & H.P. Eugster ; authors: Robert C. Newton [and others].
|
| 264 |
|
1 |
|a Washington, D.C. :
|b Mineralogical Society of America,
|c [1987]
|
| 264 |
|
4 |
|c ©1987
|
| 300 |
|
|
|a xiii, 499 pages :
|b illustrations ;
|c 23 cm.
|
| 336 |
|
|
|a text
|b txt
|2 rdacontent
|
| 337 |
|
|
|a unmediated
|b n
|2 rdamedia
|
| 338 |
|
|
|a volume
|b nc
|2 rdacarrier
|
| 490 |
1 |
|
|a Reviews in mineralogy,
|x 0275-0279 ;
|v v. 17
|
| 500 |
|
|
|a Papers from a short course held October 22-25, 1987 at Wickenburg Inn near Phoenix, Arizona.
|
| 504 |
|
|
|a Includes bibliographical references.
|
| 650 |
|
0 |
|a Rocks
|x Thermodynamics.
|
| 650 |
|
0 |
|a Fluids
|x Thermodynamics.
|
| 650 |
|
0 |
|a Geological modeling.
|
| 650 |
|
0 |
|a Mineralogical chemistry.
|
| 700 |
1 |
|
|a Carmichael, I. S. E.
|
| 700 |
1 |
|
|a Eugster, Hans Peter,
|d 1925-
|
| 700 |
1 |
|
|a Newton, R. C.
|q (Robert Chaffer),
|d 1933-
|
| 710 |
2 |
|
|a Mineralogical Society of America.
|
| 830 |
|
0 |
|a Reviews in mineralogy ;
|v v. 17.
|
| 999 |
|
|
|a MARS
|
| 999 |
f |
f |
|s 7fb23e15-8d90-3e3a-829c-a4c17f5409c4
|i a91e5851-f893-36fc-b4e7-79d50eedb808
|t 0
|
| 952 |
f |
f |
|p normal
|a Texas A&M University
|b College Station
|c Sterling C. Evans Library
|d Evans: Library Stacks
|t 0
|e QE371 .T43 1987
|h Library of Congress classification
|i unmediated -- volume
|m A14812572109
|
| 998 |
f |
f |
|a QE371 .T43 1987
|t 0
|l Evans: Library Stacks
|